书目信息 |
| 题名: |
独立成分分析中的高阶统计量方法
|
|
| 作者: | 乌建伟 著 | |
| 分册: | ||
| 出版信息: | 北京 国防工业出版社 2017.3 |
|
| 页数: | 271页 | |
| 开本: | 24cm | |
| 丛书名: | ||
| 单 册: | ||
| 中图分类: | O212.1 | |
| 科图分类: | ||
| 主题词: | 高阶--统计分析--研究 | |
| 电子资源: | ||
| ISBN: | 978-7-118-11213-9 | |
| 000 | 00801nam0 2200229 450 | |
| 001 | 0400001421 | |
| 005 | 20171018131421.0 | |
| 010 | @a978-7-118-11213-9@dCNY79.00 | |
| 100 | @a20170619d2017 em y0chiy50 ea | |
| 101 | 0 | @achi |
| 102 | @aCN@b110000 | |
| 105 | @ay z 000yy | |
| 106 | @ar | |
| 200 | 1 | @a独立成分分析中的高阶统计量方法@9du li cheng fen fen xi zhong de gao jie tong ji liang fang fa@f乌建伟著 |
| 210 | @a北京@c国防工业出版社@d2017.3 | |
| 215 | @a271页@d24cm | |
| 330 | @a本书从高阶统计量的角度,以观察数据的瞬时混合模型为主,介绍独立成分分析中涉及高阶统计量内容的基本理论和算法,包括一部分传统内容较新的研究进展。 | |
| 606 | 0 | @a高阶@x统计分析@x研究 |
| 690 | @aO212.1@v5 | |
| 701 | 0 | @a乌建伟@9wu jian wei@4著 |
| 801 | 0 | @aCN@b91MARC@c20171018 |
| 905 | @b1025091-5@dO212.1@f5@e100 | |
| 独立成分分析中的高阶统计量方法/乌建伟著.-北京:国防工业出版社,2017.3 |
| 271页;24cm |
| ISBN 978-7-118-11213-9:CNY79.00 |
| 本书从高阶统计量的角度,以观察数据的瞬时混合模型为主,介绍独立成分分析中涉及高阶统计量内容的基本理论和算法,包括一部分传统内容较新的研究进展。 |
| ● |
| 相关链接 |
|
|
|
|
正题名:独立成分分析中的高阶统计量方法
索取号:O212.1/100
 
预约/预借
| 序号 | 登录号 | 条形码 | 馆藏地/架位号 | 状态 | 备注 |
| 1 | 1025091 | 210250912 | 第二样本阅览室/ [索取号:O212.1/100] | 在馆 | |
| 2 | 1025092 | 210250921 | 数信系资料室/ [索取号:O212.1/100] | 在馆 | |
| 3 | 1025093 | 210250930 | 第三借阅区/ [索取号:O212.1/100] | 在馆 | |
| 4 | 1025094 | 210250949 | 第三借阅区/ [索取号:O212.1/100] | 在馆 | |
| 5 | 1025095 | 210250958 | 第三借阅区/ [索取号:O212.1/100] | 在馆 |